Biblioteca

The shack : (Registro nro. 66375)

Detalles MARC
000 -LÍDER
Campo fijo de descripción fija 02455cam a2200385 i 4500
001 - NÚMERO DE CONTROL
Campo de control 768714001
003 - IDENTIFICADOR DEL NÚMERO DE CONTROL
Campo de control CO-MdFUSB
005 - FECHA Y HORA DE LA ULTIMA TRANSACCIÓN
control field 20220124121045.0
007 - CAMPO FIJO DE DESCRIPCIÓN FIJA--INFORMACIÓN GENERAL
Campo fijo de descripción fija ta
008 - ELEMENTOS DE LONGITUD FIJA -- INFORMACIÓN GENERAL
Campo fijo de descripción fija -- Información general 070709t2007 cau 000 1 eng
010 ## - NÚMERO DE CONTROL DE LA BIBLIOTECA DEL CONGRESO
Número de control LC 2007276931
020 ## - NÚMERO INTERNACIONAL NORMALIZADO PARA LIBROS
Número Internacional Normalizado del libro 0964729237 (pbk.)
020 ## - NÚMERO INTERNACIONAL NORMALIZADO PARA LIBROS
Número Internacional Normalizado del libro 9780964729230 (pbk.)
040 ## - FUENTE DE CATALOGACIÓN
Agencia de catalogación original DLC
Agencia que realiza la transcripción CO-MdFUSB
Agencia que realiza la modificación MLH
-- CO-MdFUSB
-- BTCTA
-- BAKER
-- JN8
-- VP@
-- YDXCP
-- LMR
Idioma de catalogación spa
Convenciones de la descripción rda
041 ## - CÓDIGO DE IDIOMA
Código de idioma para texto/pista de sonido o título separado eng
043 ## - GEOGRAPHIC AREA CODE
Geographic area code n-us-or
082 ## - NÚMERO DE CLASIFICACIÓN DECIMAL DEWEY
Número de la edición del Dewey 23
Número de clasificación 813.6
Clave de autor-Numero de item Y68
100 1# - ASIENTO PRINCIPAL--NOMBRE PERSONAL
Nombre personal Young, William P.
Término relacionador autor
240 ## - TITULO UNIFORME
Título uniforme <a href="La cabaña.">La cabaña.</a>
245 14 - TÍTULO
Título del Material The shack :
Parte restante del título - Subtitulo where tragedy confronts eternity
Mención de responsabilidad, etc. / William P. Young
264 #1 - PRODUCCIÓN, PUBLICACIÓN, DISTRIBUCIÓN, MANUFACTURA, Y COPYRIGHT
Lugar de producción, publicación, distribución, manufactura Newbury Park, Calif. :
Nombre del productor, publicador, distribuidor Windblown Media,
Fecha de producción, publicación, distribución, manufactura, o copyright [2007]
264 #4 - PRODUCCIÓN, PUBLICACIÓN, DISTRIBUCIÓN, MANUFACTURA, Y COPYRIGHT
Fecha de producción, publicación, distribución, manufactura, o copyright © 2007
300 ## - DESCRIPCIÓN FÍSICA
Extensión 248 páginas ;
Dimensiones 20 cm.
336 ## - TIPO DE CONTENIDO
Fuente rdacontent
Término de tipo de contenido texto
Código de tipo de contenido tdi
337 ## - TIPO DE MEDIO
Fuente rdamedia
Nombre del tipo de medio sin mediación
Código del tipo de medio n
338 ## - TIPO DE SOPORTE
Fuente rdacarrier
Nombre del tipo de soporte volumen
Código Tipo de soporte nc
505 ## - NOTA DE CONTENIDO
Nota de contenido con formato preestablecido Una confluencia de caminos - El recogimiento oscuro - El punto de inflexión - La gran tristeza - Adivina quién viene a cenar - Un pedazo de "pi" - Dios en el muelle - Un desayuno de campeones - Un largo Hace un tiempo, en un jardín muy, muy lejano - Vadear en el agua - Aquí viene el juez - En el vientre de las bestias - Una reunión de corazones - Verbos y otras libertades - Un festival de amigos - Una mañana de penas - Elecciones del corazón - Ondas salientes - Después de las palabras.
520 ## - NOTA DE RESUMEN, ETC.
Nota de sumario, etc. La hija menor de Mackenzie Allen Phillips, Missy, ha sido secuestrada durante unas vacaciones familiares y se encuentra evidencia de que pudo haber sido brutalmente asesinada en una cabaña abandonada en las profundidades del desierto de Oregón. Cuatro años después, en medio de su Gran Tristeza, Mack recibe una nota sospechosa, aparentemente de Dios, que lo invita a regresar a esa cabaña por un fin de semana. Contra su mejor juicio, llega a la cabaña en una tarde invernal y regresa a su pesadilla más oscura. Lo que encuentre allí cambiará el mundo de Mack para siempre. En un mundo donde la religión parece volverse cada vez más irrelevante, "The Shack" lucha con la pregunta intemporal: "¿Dónde está Dios en un mundo tan lleno de dolor indescriptible?" Las respuestas que Mack obtiene te asombrarán y quizás te transformarán tanto como a él.
563 ## - NOTA DE ENCUADERNACIÓN
Nota de encuadernación Rústico
653 ## - TÉRMINO DE INDIZACIÓN - NO CONTROLADO
Término no controlado Eventos de cambio de vida
942 ## - TIPO DE MATERIAL (KOHA)
Tipo de Item KOHA Libros General
945 ## - INFORMACIÓN LOCAL DEL REGISTRO
Catalogador JTF-925
Existencias
Estado de Material Estado de Perdido Forma de Clasificación Estado de Dañado No para Préstamo Colección Biblioteca de Origen Biblioteca Permanente Fecha de Adquisición Área Total de Préstamos Signatura Topográfica Código de Barras Última vez visto Ejemplar/Existencia Fecha de Remplazo Tipo de Material
    Dewey Decimal Classification     Colección General Biblioteca FUSBC Biblioteca FUSBC 01/07/2020 LITERATURA   G 813.6 Y68s 5099 01/07/2020 Ej.1 01/07/2020 Libros General

Biblioteca FUSBC | Teléfono: (57+4) 349 88 10 Ext. 141| WhatsApp (+57) 3005338115 
E-mail: biblioteca@unisbc.edu.co | Calle 76 87-14 Robledo Palenque, Medellín, Colombia

Con tecnología Koha